00889nam a2200229 a 450000500170000000800410001704000250005804100080008304400070009109000130009810000260011124501230013726000690026030000110032965000130034065000190035365000290037266200130040194200130041499900150042795202170044220160825165644.0140226b1991 ck |||||rm||| 00| 0 spa d aCO-BoIAVHcCO-BoIAVH aspa ack aTEb0040 aAriza Milanes, Johnny aInvestigaciones para el almacenamiento comercial de semillas de Carica papaya, Solanum quitoense y Cyphomandra betacea aBogotábUniversidad Distrital Francisco José de Caldasc1991 a163 p. aSemillas aAlmacenamiento aMétodos de laboratorio aColombia cTESIS2z c1284d1284 00102z40708TESISIINV2017aBogotabBogotad1999-05-01eInstituto Nacional de los Recursos Naturales Renovables y del Medio Ambientel0oTE-0040p001725r2012-12-04 00:00:00tEj. 1w2012-12-04xDonacionyTESIS